Tratado de química fisiológica / (Record no. 59060)
[ view plain ]
| 000 -LEADER | |
|---|---|
| campo de control de longitud fija | 00857nam a2200229 i 4500 |
| 001 - NÚMERO DE CONTROL | |
| campo de control | 59060 |
| 003 - IDENTIFICADOR DE NÚMERO DE CONTROL | |
| campo de control | ES-MaACL |
| 005 - FECHA Y HORA DE LA ÚLTIMA TRANSACCIÓN | |
| campo de control | 20230906163943.0 |
| 007 - CAMPO FIJO DE DESCRIPCIÓN FÍSICA--INFORMACIÓN GENERAL | |
| campo de control de longitud fija | t| |
| 008 - DATOS DE LONGITUD FIJA--INFORMACIÓN GENERAL | |
| campo de control de longitud fija | 031027s1958 sp ||||1| spa d |
| 100 1# - ENTRADA PRINCIPAL--NOMBRE DE PERSONA | |
| Nombre de persona | Edlbacher, S. |
| 9 (RLIN) | 46643 |
| 245 10 - MENCIÓN DEL TÍTULO | |
| Título | Tratado de química fisiológica / |
| Mención de responsabilidad, etc. | S. Edlbacher, F. Leuthardt ; traducción del alemán por L. y F. Fernández Sánchez, J. Moreno Calvo y A. Yusta Almarza ; prólogo de Angel Santos Ruiz. |
| 260 ## - PUBLICACIÓN, DISTRIBUCIÓN, ETC. | |
| Lugar de publicación, distribución, etc. | Madrid : |
| Nombre del editor, distribuidor, etc. | Aguilar, |
| Fecha de publicación, distribución, etc. | 1958 ( |
| Lugar de fabricación/manufactura | Bilbao : |
| Fabricante | Grijelmo) |
| 300 ## - DESCRIPCIÓN FÍSICA | |
| Extensión | XX, 883 p. : |
| Otras características físicas | il. ; |
| Dimensiones | 24 cm. |
| 700 1# - ENTRADA AGREGADA--NOMBRE PERSONAL | |
| Nombre de persona | Leuthardt, F. |
| 9 (RLIN) | 71903 |
| 700 1# - ENTRADA AGREGADA--NOMBRE PERSONAL | |
| Nombre de persona | Fernández Sánchez, L. |
| 9 (RLIN) | 50070 |
| 700 1# - ENTRADA AGREGADA--NOMBRE PERSONAL | |
| Nombre de persona | Fernández Sánchez, F. |
| 9 (RLIN) | 50065 |
| 700 0# - ENTRADA AGREGADA--NOMBRE PERSONAL | |
| Nombre de persona | Moreno Calvo, José. |
| 9 (RLIN) | 83338 |
| 700 0# - ENTRADA AGREGADA--NOMBRE PERSONAL | |
| Nombre de persona | Yusta Almarza, Albino. |
| 9 (RLIN) | 117753 |
| 700 1# - ENTRADA AGREGADA--NOMBRE PERSONAL | |
| Nombre de persona | Santos Ruiz, Angel. |
| 9 (RLIN) | 103531 |
| 852 ## - LOCALIZACIÓN | |
| Ubicación | ES-MaACL |
| Número de control de estantería | A-4129 |
| Sublocalización o colección | R.41604 |
| Estatus retirado | Estado de pérdida | Estado de daño | No para préstamo | Biblioteca de origen | Biblioteca actual | Ubicación en estantería | Fecha de adquisición | Fuente de adquisición | Total de préstamos | Signatura topográfica completa | Código de barras | Visto por última vez | Precio de reemplazo | Tipo de ítem Koha |
|---|---|---|---|---|---|---|---|---|---|---|---|---|---|---|
| Biblioteca del Ateneo de Madrid | Biblioteca del Ateneo de Madrid | Sala Pecera Planta 1 | 17/01/2008 | A-4129 | 1061951 | 23/02/2023 | 23/02/2023 | Libro impreso |
